| 000 | 00840nam a22001577a 4500 | ||
|---|---|---|---|
| 003 | OSt | ||
| 005 | 20151003153553.0 | ||
| 008 | 151003b xxu||||| |||| 00| 0 eng d | ||
| 040 | _cRUA | ||
| 082 | _aAVM OUN 1999 B071 Or.1 | ||
| 100 |
_91924 _aOUN, RATTANAK. |
||
| 245 | _aHousehold pig raising using local feed resources and its improvement in khum bateay krang srok kompong ro svay rieng, ការចិញ្ចឹមជ្រូកជាលក្ខណៈគ្រួសារប្រើប្រាស់ធនធានចំណីក្នុងស្រុក និងលទ្ធភាពកែលំអ នៅឃុំបន្ទាយក្រាំង ស្រុកកំពង់រោទិ៍ ខេត្តស្វាយរៀង | ||
| 260 |
_aPhnom Penh _bRUA _c1999 |
||
| 300 |
_a53p. _bill. _c29cm. |
||
| 942 |
_2ddc _cAVM |
||
| 999 |
_c1819 _d1819 |
||